000 01060nam a2200253Ia 4500
003 GCL
008 140319s9999 xx 000 0 ara d
020 _a0790209960
040 _aGCL /
_cGCL
082 0 4 _aم
_b239.0912
100 1 _aسامى بن عبدالله بن احمد المغلوث
245 1 0 _aالاطلس التاريخى لسيرة الرسول صلى الله علية و سلم /
_cسامى بن عبدالله بن احمد المغلوث
250 _aالثانية
260 _aالرياض :
_bمكتبة العبيكان ،
_c2003
300 _a264 ص ؛
_c29 سم
650 0 4 _aغزوات النبى
650 0 4 _aالاطالس التاريخية
650 0 4 _aالسيرة النبوية - من الميلاد
650 0 4 _aالسيرة النبوية - المعجزات
650 0 4 _aالسيرة النبوية - عصر الجهاد فى سبيل نشر الدعوة
650 0 4 _aالسيرة النبوية - ما بعد فتح مكة
650 0 4 _aالسيرة النبوية - الخرائط
942 _2ddc
_cREF
999 _c7160
_d7160